000 01046cab a2200385 4500
001 ABS50622
008 090401t1994 xxu||||| |||| 00| 0 eng d
035 _a(Sirsi) u76708
041 _aeng
245 _aFocus `94: the West End
260 _c1994
350 _a0
490 _aEstates Gazette
_v(9420) 21 May 1994, 81-133(27)
650 _aCONVERSION
650 _aHEATHROW RAIL LINK
650 _aHOTELS
650 _aKNIGHTSBRIDGE
650 _aLONDON
650 _aMAYFAIR
650 _aPROPERTY-COMMERCIAL PROPERTY-OFFICE PROPERTY-OFFICE PROPERTY MARKET
650 _aOXFORD STREET
650 _aPADDINGTON
650 _aRESTAURANTS
650 _aPROPERTY-COMMERCIAL PROPERTY-RETAIL PROPERTY-RETAIL PROPERTY MARKET
650 _aSOHO
650 _aST JAMESS
650 _aTENDER PRICES
650 _aTRANSPORT
650 _aVICTORIA
650 _aWEST END OF LONDON
650 _aWESTMINSTER
690 _aPROPERTY-COMMERCIAL PROPERTY-COMMERCIAL PROPERTY MARKET
942 _n0
948 _c04/03/1997
999 _c48195
_d48195